The shorter novels of Charles Dickens : (Record no. 478842)

000 -LEADER
fixed length control field 01298ckm a22003497a 4500
001 - CONTROL NUMBER
control field 11723289
003 - CONTROL NUMBER IDENTIFIER
control field NUST
005 - DATE AND TIME OF LATEST TRANSACTION
control field 20180801075125.0
007 - PHYSICAL DESCRIPTION FIXED FIELD--GENERAL INFORMATION
fixed length control field kj|co
007 - PHYSICAL DESCRIPTION FIXED FIELD--GENERAL INFORMATION
fixed length control field cr |||
008 - FIXED-LENGTH DATA ELEMENTS--GENERAL INFORMATION
fixed length control field 981006q19361941caunnn kneng
010 ## - LIBRARY OF CONGRESS CONTROL NUMBER
LC control number 98516941
020 ## - INTERNATIONAL STANDARD BOOK NUMBER
International Standard Book Number 9781840220599
035 ## - SYSTEM CONTROL NUMBER
System control number (DLC)11723289
037 ## - SOURCE OF ACQUISITION
Stock number LC-USZC2-5484
Source of stock number/acquisition DLC
Terms of availability (color film copy slide)
038 ## - RECORD CONTENT LICENSOR
Staff Name Arshad
040 ## - CATALOGING SOURCE
Original cataloging agency DLC
Transcribing agency DLC
Modifying agency DLC
Description conventions gihc
050 00 - LIBRARY OF CONGRESS CALL NUMBER
Classification number POS - WPA - CA .01 .C544,
Item number no. 1
082 ## - DEWEY DECIMAL CLASSIFICATION NUMBER
Classification number 823
Author Mark DIC
100 ## - MAIN ENTRY--PERSONAL NAME
Personal name Dickens, Charles
9 (RLIN) 386
245 00 - TITLE STATEMENT
Title The shorter novels of Charles Dickens :
Remainder of title Oliver Twist, Hard times, A tale of two cities & Great expectations./
Statement of responsibility, etc. Charles Dickens
260 ## - PUBLICATION, DISTRIBUTION, ETC.
Place of publication, distribution, etc. California :
Name of publisher, distributor, etc. Wordsworth,
Date of publication, distribution, etc. 2005
300 ## - PHYSICAL DESCRIPTION
Extent 1310 p.
500 ## - GENERAL NOTE
General note Work Projects Administration Poster Collection (Library of Congress).
520 0# - SUMMARY, ETC.
Summary, etc. Poster for Federal Theatre Project presentation of "The Cricket on the Hearth" at the Alcazar, 260 O'Farrell Street, San Francisco, California.
540 ## - TERMS GOVERNING USE AND REPRODUCTION NOTE
Terms governing use and reproduction No known restrictions on publication.
650 #7 - SUBJECT ADDED ENTRY--TOPICAL TERM
Topical term or geographic name entry element Fiction- Short stories
Geographic subdivision California
-- San Francisco
Chronological subdivision 1930-1950.
Source of heading or term lctgm
9 (RLIN) 12220
700 1# - ADDED ENTRY--PERSONAL NAME
Personal name Dickens, Charles,
Dates associated with a name 1812-1870.
9 (RLIN) 12180
906 ## - LOCAL DATA ELEMENT F, LDF (RLIN)
a 7
b cbc
c orignew
d u
e ncip
f 19
g y-printpho
942 ## - ADDED ENTRY ELEMENTS (KOHA)
Source of classification or shelving scheme
Koha item type Book
Holdings
Withdrawn status Lost status Source of classification or shelving scheme Damaged status Not for loan Collection code Permanent Location Current Location Shelving location Date acquired Total Checkouts Total Renewals Full call number Barcode Date last seen Date last checked out Copy number Price effective from Koha item type
            Central Library (CL) Central Library (CL) Fiction 08/01/2018 6 7 823 DIC CL786 11/28/2024 05/31/2024 1 08/01/2018 Book
© 2023 Central Library, National University of Sciences and Technology. All Rights Reserved.